Anti-dühring : (Registro nro. 7806)
[ vista simple ]
| 000 -LEADER | |
|---|---|
| fixed length control field | 00956nam a2200241Ia 4500 |
| 003 - CONTROL NUMBER IDENTIFIER | |
| control field | OSt |
| 005 - DATE AND TIME OF LATEST TRANSACTION | |
| control field | 20210518131352.0 |
| 008 - FIXED-LENGTH DATA ELEMENTS--GENERAL INFORMATION | |
| fixed length control field | 210310s1962 mx gr 000 0 spa d |
| 040 ## - CATALOGING SOURCE | |
| Original cataloging agency | CO-JMCR |
| Transcribing agency | CO-JMCR |
| 041 1# - LANGUAGE CODE | |
| Language code of text/sound track or separate title | spa |
| Language code of original | ger |
| 082 04 - DEWEY DECIMAL CLASSIFICATION NUMBER | |
| Classification number | 320.531 / |
| Item number | E575a |
| Edition number | 23 |
| 100 1# - MAIN ENTRY--PERSONAL NAME | |
| Personal name | Engels, Friedrich, |
| 9 (RLIN) | 15509 |
| Relator term | autor |
| 245 10 - TITLE STATEMENT | |
| Title | Anti-dühring : |
| Remainder of title | la subversión de la ciencia por el señor Eugen Dühring / |
| Statement of responsibility, etc. | Federico Engels ; versión española de Manuel Sacristan Luzon |
| 260 ## - PUBLICATION, DISTRIBUTION, ETC. | |
| Place of publication, distribution, etc. | México : |
| Name of publisher, distributor, etc. | Editorial Grijalbo, |
| Date of publication, distribution, etc. | 1962 |
| 300 ## - PHYSICAL DESCRIPTION | |
| Extent | xxxix, 347 páginas ; |
| Dimensions | 22 cm. |
| 500 ## - GENERAL NOTE | |
| General note | Título original: Herrn Eugens Dühring´s Umwalzung Der Wissenschaft |
| 505 0# - FORMATTED CONTENTS NOTE | |
| Formatted contents note | Filosofía -- Economía política -- Socialismo |
| 600 14 - SUBJECT ADDED ENTRY--PERSONAL NAME | |
| Personal name | Dühring, Karl Eugene, |
| Dates associated with a name | 1833-1921 |
| General subdivision | Crítica e interpretación |
| 9 (RLIN) | 37668 |
| 650 14 - SUBJECT ADDED ENTRY--TOPICAL TERM | |
| Topical term or geographic name entry element | Socialismo |
| 9 (RLIN) | 15511 |
| 650 24 - SUBJECT ADDED ENTRY--TOPICAL TERM | |
| Topical term or geographic name entry element | Economía política |
| 9 (RLIN) | 37669 |
| 700 1# - ADDED ENTRY--PERSONAL NAME | |
| Personal name | Sacristan Luzon, Manuel, |
| Relator term | traducción |
| 9 (RLIN) | 37670 |
| 942 ## - ADDED ENTRY ELEMENTS (KOHA) | |
| Source of classification or shelving scheme | Dewey Decimal Classification |
| Koha item type | Books |
| Withdrawn status | Lost status | Source of classification or shelving scheme | Damaged status | Not for loan | Collection code | Home library | Current library | Date acquired | Source of acquisition | Full call number | Barcode | Date last seen | Copy number | Koha item type |
|---|---|---|---|---|---|---|---|---|---|---|---|---|---|---|
| Dewey Decimal Classification | Non-fiction | Biblioteca Pública José María del Castillo y Rada | Biblioteca Pública José María del Castillo y Rada | 04/15/2018 | Donación | 320.531 / E575a | 430004205 | 05/16/2024 | Ej.1 | Books |